The history of economics : (Record no. 43034)
[ view plain ]
| 000 -LEADER | |
|---|---|
| fixed length control field | 00860nam a2200253 a 4500 |
| 001 - CONTROL NUMBER | |
| control field | 43034 |
| 003 - CONTROL NUMBER IDENTIFIER | |
| rucl marc code | BD-RjUL |
| 005 - DATE AND TIME OF LATEST TRANSACTION | |
| control field | 20211209053632.0 |
| 008 - FIXED-LENGTH DATA ELEMENTS--GENERAL INFORMATION | |
| fixed length control field | 160619r19521944enk 001 0 eng d |
| 035 ## - SYSTEM CONTROL NUMBER | |
| System control number | (OCoLC)ocm11679424 |
| System control number | (BD-RjUL)43152 |
| System control number | (NNC)2782101 |
| 040 ## - CATALOGING SOURCE | |
| Original cataloging agency | DRB |
| Transcribing agency | DRB |
| Modifying agency | AKR |
| -- | ZCU |
| -- | BD-RjUL |
| Language of cataloging | eng |
| 041 ## - LANGUAGE CODE | |
| Language code of text/sound track or separate title | eng |
| 082 ## - DEWEY DECIMAL CLASSIFICATION NUMBER | |
| Edition number | 23 |
| Classification number | 330.9 |
| Author mark and year | STH 1952 |
| 100 1# - MAIN ENTRY--PERSONAL NAME | |
| Personal name | Stark, W. |
| Dates associated with a name | 1909-1985. |
| 9 (RLIN) | 132142 |
| 245 04 - TITLE STATEMENT | |
| Title | The history of economics : |
| Remainder of title | in its relation to social development / |
| Statement of responsibility, etc. | by W. Stark ... |
| 260 ## - PUBLICATION, DISTRIBUTION, ETC. (IMPRINT) | |
| Place of publication, distribution, etc. | London, |
| Name of publisher, distributor, etc. | K. Paul, Trench, Trubner & Co., Ltd. |
| Date of publication, distribution, etc. | 1952, |
| 300 ## - PHYSICAL DESCRIPTION | |
| Pagination | viii, 80 p. ; |
| Size | 23 cm. |
| 490 1# - SERIES STATEMENT | |
| Series statement | International library of sociology and social reconstruction |
| 650 #0 - SUBJECT ADDED ENTRY--TOPICAL TERM | |
| Topical term or geographic name as entry element | Economics |
| General subdivision | History. |
| 9 (RLIN) | 132143 |
| 830 #0 - SERIES ADDED ENTRY--UNIFORM TITLE | |
| Uniform title | International library of sociology and social reconstruction. |
| 942 ## - ADDED ENTRY ELEMENTS (KOHA) | |
| Source of classification or shelving scheme | Dewey Decimal Classification |
| Koha item type | Books |
| Lost status | Source of classification or shelving scheme | Damaged status | Not for loan | Collection code | Permanent Location | Current Location | Shelving location | Date acquired | Source of acquisition | Cost, normal purchase price | Total Checkouts | Full call number | Date last seen | Copy number | Koha item type |
|---|---|---|---|---|---|---|---|---|---|---|---|---|---|---|---|
| Dewey Decimal Classification | Non-fiction | Central Library, University of Rajshahi | Central Library, University of Rajshahi | 02/02/1956 | A.B.C | 8.80 | 330.9 STH 1952 | 19/06/2016 | C-2 | Books | |||||
| Dewey Decimal Classification | Non-fiction | Central Library, University of Rajshahi | Central Library, University of Rajshahi | 02/02/1956 | A.B.C | 8.80 | 330.9 STH 1952 | 19/06/2016 | C-3 | Books |